00668nam a22001937a 4500003000900000005001700009008002900026020001500055040002300070100002000093245011500113260003300228300002800261700002000289942001200309952009800321956003800419999001700457DO-SdBNP20170714143438.0170714b1994 xx | 00| 0 spa d a0590480502 aBPMSUbspa cBPMSU aPaola, Tomie de aLa leyenda de la flor El conejo : buna antigua leyenda de Texas /crecontada e ilustrada por Tomie de Paola  aNew York :bScholasticc1994 a30 p. :bil. ;c27 cm.  aPaola, Tomie de 2ddccBK 00102ddc40708CI-GaBPMETbBPMETd2017-07-14l0pBPMET17070021r2017-07-14w2017-07-14yBK aVMATEOb10c20170714dBPMSUf0069 c12590d12590